Fashion merchandising (Record no. 4820)

MARC details
000 -CABECERA
campo de control de longitud fija 02932aam a22003011i 4500
001 - NÚMERO DE CONTROL
campo de control 99116518343804341
005 - FECHA Y HORA DE LA ÚLTIMA TRANSACCIÓN
campo de control 20251028093136.0
006 - CÓDIGOS DE INFORMACIÓN DE LONGITUD FIJA--CARACTERÍSTICAS DEL MATERIAL ADICIONAL
campo de control de longitud fija m || d |
007 - CAMPO FIJO DE DESCRIPCIÓN FÍSICA--INFORMACIÓN GENERAL
campo de control de longitud fija cr |||||||||||
008 - DATOS DE LONGITUD FIJA--INFORMACIÓN GENERAL
campo de control de longitud fija 201207s2020 xxk|||||o |||| ||eng
015 ## - NÚMERO DE BIBLIOGRAFÍA NACIONAL
Número de bibliografía nacional GBC338271
Fuente bnb
020 ## - NÚMERO INTERNACIONAL ESTÁNDAR DEL LIBRO
Número Internacional Estándar del Libro 9781352011104
035 ## - NÚMERO DE CONTROL DEL SISTEMA
Número de control de sistema oai:ldls.org.uk:020037446
035 ## - NÚMERO DE CONTROL DEL SISTEMA
Número de control de sistema (Uk)020037446
037 ## - FUENTE DE ADQUISICIÓN
Número de adquisición 9781352011111
Fuente del número de adquisición Springer Nature
040 ## - FUENTE DE LA CATALOGACIÓN
Centro catalogador/agencia de origen Uk
Lengua de catalogación eng
Centro/agencia transcriptor Uk
Centro/agencia modificador StEdNL
041 ## - CÓDIGO DE LENGUA
Código de lengua del texto/banda sonora o título independiente English
042 ## - CÓDIGO DE AUTENTICACIÓN
Código de autenticación ukblsr
100 ## - ENTRADA PRINCIPAL--NOMBRE DE PERSONA
Nombre de persona Clark, James
Títulos y otros términos asociados al nombre (Lecturer in Buying and Merchandising),
Término indicativo de función/relación author.
245 10 - MENCIÓN DE TÍTULO
Título Fashion merchandising
Resto del título : principles and practice
Mención de responsabilidad, etc. / James Clark.
250 ## - MENCIÓN DE EDICIÓN
Mención de edición Second edition.
264 #1 - PRODUCCIÓN, PUBLICACIÓN, DISTRIBUCIÓN, FABRICACIÓN Y COPYRIGHT
Producción, publicación, distribución, fabricación y copyright London :
Nombre del de productor, editor, distribuidor, fabricante Red Globe Press,
Fecha de producción, publicación, distribución, fabricación o copyright 2020.
300 ## - DESCRIPCIÓN FÍSICA
Extensión 274 pages
505 0# - NOTA DE CONTENIDO CON FORMATO
Nota de contenido con formato PART I: INTRODUCTION AND CONTEXT OF THE FASHION MERCHANDISER ROLE<br/>— Fashion Retailing<br/>— Fashion, Business and Product<br/>— The Activities of Buying and Merchandising<br/>— Organizing the Buying and Merchandising Function<br/><br/>PART II: FASHION MERCHANDISING<br/>— Fashion Merchandising: The Prentice Day Case Study<br/>— Fashion Merchandising: Research and Analysis<br/>— Fashion Merchandising: Budgeting<br/>— Fashion Merchandising: Open to Buy<br/>— Fashion Merchandising: Range Planning<br/>— Fashion Merchandising: Sizing, Deliveries and Allocation<br/><br/>PART III: FASHION MERCHANDISING AND THE MODERN TRADING ENVIRONMENT<br/>— Merchandising: A Global Perspective<br/>— e-Commerce and Buying and Merchandising<br/>— The Merchandiser and the Supply Chain<br/>— Sustainability and Product Management.
520 ## - SUMARIO, ETC.
Sumario, etc. Now in its second edition, this critically-acclaimed core textbook provides a detailed overview of the role of the fashion merchandiser, its place within a fashion retail organisation by outlining their activities and responsibilities as part of the fashion value chain. This overview is situated within the broader context of the fashion industry, highlighting the relevance of the merchandiser role and comparing it to the role of the fashion buyer.<br/><br/>The textbook features a multi-chapter case study that provides an example process of the planning and creation of a balanced product range from the perspective of the merchandiser. It does so using a combination of text and numerical explanation.<br/><br/>The second edition has been reworked with new contributions by academics and industry practitioners that examine topics such as sustainability, supply chain management e-Commerce and the international perspectives of the merchandiser role.<br/><br/>Offering crucial insight into the merchandiser role and emphasising how it can add value to a fashion business, this is an ideal textbook for aspiring merchandisers. It is suitable for students studying at undergraduate and postgraduate level and practitioners seeking to progress their careers in this exciting and multi-faceted industry.
650 #0 - PUNTO DE ACCESO ADICIONAL DE MATERIA--TÉRMINO DE MATERIA
Término de materia o nombre geográfico como elemento de entrada Fashion merchandising
9 (RLIN) 8540
942 ## - ELEMENTOS DE ENTRADA AGREGADA (KOHA)
Fuente del sistema de clasificación o colocación Clasificación de Library of Congress
Holdings
Estado de retiro Estado de pérdida Fuente del sistema de clasificación o colocación Estado dañado No para préstamo Biblioteca de origen Biblioteca actual Fecha de adquisición Total de préstamos Signatura topográfica completa Código de barras Fecha visto por última vez Número de copia Precio válido a partir de Tipo de ítem Koha
    Clasificación de Library of Congress     TBS Barcelona TBS Barcelona 03/07/2025   HF5437 CLA B05668 03/07/2025 1 03/07/2025 Book

Powered by Koha